| 000 | 02086cam a22005174a 4500 | ||
|---|---|---|---|
| 001 | muse29390 | ||
| 003 | MdBmJHUP | ||
| 005 | 20210127151026.0 | ||
| 006 | m o d | ||
| 007 | cr||||||||nn|n | ||
| 008 | 121221s2013 ohu o 00 0 eng d | ||
| 010 | _z 2012044198 | ||
| 020 | _a9780814270189 | ||
| 020 | _a0814270182 | ||
| 020 | _z9780814212233 (cloth : alk. paper) | ||
| 020 | _z9780814293249 (cd) | ||
| 020 | _z0814212239 | ||
| 035 | _a(OCoLC)867740803 | ||
| 040 |
_aMdBmJHUP _cMdBmJHUP |
||
| 050 | 0 | 4 |
_aPR255 _b.T39 2013 |
| 082 | 0 |
_a820.9/001 _223 |
|
| 100 | 1 |
_aTaylor, Jamie K., _d1975- |
|
| 245 | 1 | 0 |
_aFictions of Evidence _bWitnessing, Literature, and Community in the Late Middle Ages / _cJamie K. Taylor. |
| 264 | 1 | _bOhio State University Press, | |
| 264 | 3 | _bProject MUSE, | |
| 300 | _a1 online resource (x, 221 p.) | ||
| 490 | 0 | _aInterventions: new studies in medieval culture | |
| 504 | _aIncludes bibliographical references (p. 199-212) and index. | ||
| 505 | 0 | _aThe face of a saint and the seal of a king -- Silence, testimony, and the case of Susanna -- Neighbors, witnesses, and outlaws in the fourteenth and fifteenth centuries -- Piers Plowman, book, and the testimonial body -- Witnessing, presence, and Lollard communities. | |
| 506 | 0 |
_aOpen Access _fUnrestricted online access _2star |
|
| 588 | _aDescription based on print version record. | ||
| 650 | 0 | _aWitness bearing (Christianity) | |
| 650 | 0 | _aWitnesses. | |
| 650 | 0 | _aWitnesses in literature. | |
| 650 | 0 |
_aEnglish literature _yMiddle English, 1100-1500 _xHistory and criticism. |
|
| 655 | 7 |
_aElectronic books. _2local |
|
| 710 | 2 |
_aProject Muse. _edistributor |
|
| 830 | 0 | _aBook collections on Project MUSE. | |
| 856 | 4 | 0 |
_zFull text available: _uhttps://muse.jhu.edu/book/23957/ |
| 945 | _aProject MUSE - 2013 Complete | ||
| 945 | _aProject MUSE - 2013 Literature | ||
| 999 |
_c24350 _d24350 |
||